000 00328nam a22001337a 4500
008 171103b xxu||||| |||| 00| 0 eng d
020 _a9780131411685
041 _aeng
080 _22ND
_a339.138
100 _a60
101 _aMAR
245 _aMARKETING OF HIGH-TECHNOLOGY PRODUCTS AND INNOVATIONS
_cMOHR,J
942 _2udc
_cBK
999 _c37456
_d37456